[Event "Moscow PCA qual"]
[Site "Moscow"]
[Date "1996.??.??"]
[Round "5"]
[White "Vaganian, Rafael A"]
[Black "Epishin, Vladimir"]
[Result "1-0"]
[WhiteElo "2615"]
[BlackElo "2645"]
[PlyCount "61"]
[EventDate "1996.??.??"]
[Source "ChessBase"]

1. Nf3 Nf6 2. g3 d5 3. Bg2 c6 4. O-O Bg4 5. d3 Nbd7 6. Nbd2 e5 7. e4 Bd6 8. h3 Bh5 9. exd5 cxd5 10. c4 O-O 11. cxd5 Nxd5 12. Qb3 N5f6 13. Nc4 Nc5 14. Qa3 Rc8 15. Nxd6 Qxd6 16. Be3 b6 17. Nxe5 Nd5 18. d4 Nxe3 19. fxe3 f6 20. g4 Be8 21. Nd3 Bb5 22. Rad1 Ne4 23. Bxe4 Qg3+ 24. Bg2 Qxe3+ 25. Kh1 Kh8 26. d5 Rfd8 27. Rfe1 Qh6 28. Qxa7 Bd7 29. Nf2 f5 30. gxf5 Bxf5 31. Qe7 1-0

[Event "Tilburg"]
[Site "?"]
[Date "1989.??.??"]
[Round "?"]
[White "Kortchnoi, V."]
[Black "Sax, Gy"]
[Result "1/2-1/2"]
[WhiteElo "2655"]
[BlackElo "2580"]
[PlyCount "41"]
[EventDate "1989.??.??"]
[Source "ChessBase"]
[SourceDate "1989.07.01"]

1. Nf3 d5 2. g3 c6 3. Bg2 Nf6 4. O-O Bg4 5. b3 Nbd7 6. Bb2 e6 7. d3 Bd6 8. Nbd2 O-O 9. h3 Bh5 10. Qe1 e5 11. e4 Re8 12. Nh4 Nc5 13. a4 Ne6 14. Nf5 Bc7 15. Nf3 Bxf3 16. Bxf3 Nd4 17. Nxd4 exd4 18. Bxd4 dxe4 19. Bxf6 Qxf6 20. Bxe4 Qd4 21. Qd1 1/2-1/2

[Event "HUN-chT 0203"]
[Site "?"]
[Date "2003.01.06"]
[Round "3"]
[White "Almasi Zoltan"]
[Black "Acs Peter"]
[Result "1-0"]
[WhiteElo "2672"]
[BlackElo "2560"]
[PlyCount "127"]
[EventDate "2003.??.??"]
[Source "www.chesslib.no"]
[SourceDate "2004.05.04"]

1. Nf3 d5 2. g3 Nf6 3. Bg2 c6 4. O-O Bg4 5. d3 e6 6. Nbd2 Be7 7. h3 Bh5 8. b3 O-O 9. Bb2 Nbd7 10. e4 Ne8 11. Qe1 Nc7 12. Nh2 dxe4 13. dxe4 e5 14. Nc4 f6 15. Ng4 Ne6 16. Nge3 a5 17. Nf5 Bc5 18. a3 b5 19. Nce3 Re8 20. Kh1 Qc7 21. b4 Bxe3 22. Nxe3 Nb6 23. f3 Na4 24. Bc1 axb4 25. axb4 Rad8 26. h4 Nd4 27. Ra3 Bf7 28. Rf2 c5 29. bxc5 Qxc5 30. Kh2 Ra8 31. Ra1 Nc3 32. Bd2 b4 33. Bxc3 Qxc3 34. Qxc3 bxc3 35. Rff1 Ba2 36. Rfd1 Kf8 37. Rd3 Rec8 38. f4 Ne2 39. fxe5 fxe5 40. Bh3 Rcb8 41. Bg4 Nd4 42. Rxc3 Rb1 43. Rxb1 Bxb1 44. Kh3 Ra4 45. Rc8+ Kf7 46. Rc5 Kf8 47. c3 Nb3 48. Rc8+ Ke7 49. Nf5+ Kf7 50. Bd1 Ba2 51. Rb8 Ra3 52. Nd6+ Ke7 53. Nc4 Ra4 54. Rb7+ Kf8 55. Nd2 Nxd2 56. Bxa4 Nxe4 57. Rc7 Nd2 58. Bb5 e4 59. Be2 e3 60. g4 h6 61. h5 Ne4 62. Kg2 Nf6 63. c4 Bb1 64. Kf3 1-0

[Event "It (Open) INT"]
[Site "?"]
[Date "2006.05.06"]
[Round "?"]
[White "Moskvin Vladimir"]
[Black "Arutinian David"]
[Result "0-1"]
[WhiteElo "2696"]
[BlackElo "2532"]
[PlyCount "138"]
[EventDate "2006.??.??"]
[Source "www.chesslib.no"]
[SourceDate "2004.05.04"]

1. Nf3 Nf6 2. g3 d5 3. Bg2 c6 4. O-O Bg4 5. d3 Nbd7 6. Nbd2 e5 7. e4 dxe4 8. dxe4 Qc7 9. h3 Bh5 10. Qe1 Bxf3 11. Nxf3 Be7 12. Qe2 O-O 13. Nh4 Rfe8 14. Nf5 Bf8 15. Kh2 a5 16. Bd2 a4 17. a3 Nc5 18. Rae1 Nfd7 19. Qg4 Nf6 20. Qh4 Kh8 21. Bc3 b5 22. f4 Nfd7 23. fxe5 Nxe5 24. Qf4 f6 25. Ne3 Ne6 26. Qh4 Rad8 27. Ng4 Nxg4+ 28. Qxg4 Bd6 29. Rf5 Be5 30. Bxe5 fxe5 31. Ref1 h6 32. Rf7 Rd7 33. Qg6 Qd8 34. h4 Rxf7 35. Rxf7 Re7 36. Rf5 Nd4 37. Rf2 Re6 38. Qh5 Rf6 39. Rxf6 Qxf6 40. c3 Nb3 41. Qe8+ Kh7 42. Qh5 Nc5 43. Qe2 Qe7 44. Qe3 g6 45. Bh3 Kg7 46. Kg2 h5 47. g4 hxg4 48. Bxg4 Qxh4 49. Bf3 Qe7 50. Qf2 Ne6 51. Qe3 Nf4+ 52. Kf2 Qh4+ 53. Kf1 Qg3 54. Qf2 Qh3+ 55. Ke1 Qd7 56. Qg3 Qd3 57. Qg4 Qe3+ 58. Kf1 Qd3+ 59. Kf2 Qd6 60. Ke3 Qc5+ 61. Kd2 Qf2+ 62. Kd1 Qf1+ 63. Kd2 Qd3+ 64. Kc1 Qd6 65. Kc2 Qe7 66. Kc1 Kh6 67. Kc2 Qc5 68. Kc1 Qe3+ 69. Kc2 Qf2+ 0-1

[Event "Palma de Majorca ESP"]
[Site "Palma de Majorca ESP"]
[Date "1972.??.??"]
[Round "?"]
[White "Panno, Oscar R"]
[Black "Korchnoi, Viktor L"]
[Result "1-0"]
[WhiteElo "2570"]
[BlackElo "2640"]
[PlyCount "84"]
[EventDate "1972.??.??"]
[Source "www.chesslib.no"]
[SourceDate "2004.05.04"]

1. Nf3 Nf6 2. g3 d5 3. Bg2 c6 4. O-O Bg4 5. d3 Nbd7 6. Nbd2 e5 7. h3 Bh5 8. e4 dxe4 9. dxe4 Qc7 10. Qe1 Nc5 11. Nc4 Nfd7 12. b4 Ne6 13. a4 f6 14. c3 Nb6 15. Nfd2 Qf7 16. Na5 Bd6 17. Ndb3 Qc7 18. Be3 O-O 19. Qb1 Qe7 20. Nd2 Rad8 21. Nab3 Nc8 22. Re1 Rd7 23. Nc4 Rfd8 24. Qc2 Bc7 25. a5 Qf7 26. Bf1 Kh8 27. Nc5 Nxc5 28. bxc5 Ne7 29. a6 bxa6 30. Rxa6 Bb8 31. Raa1 f5 32. exf5 Nxf5 33. Bg5 Re8 34. g4 h6 35. Bd2 Nh4 36. gxh5 Nf3+ 37. Kh1 e4 38. Bg2 Rxd2 39. Nxd2 Qf4 40. Nf1 Nxe1 41. Rxe1 Qf5 42. Rxe4 Rf8 1-0

[Event "Extraliga 2004/05"]
[Site "?"]
[Date "2004.11.06"]
[Round "1"]
[White "Movsesian Sergei"]
[Black "Babula Vlastimil"]
[Result "1-0"]
[WhiteElo "2629"]
[BlackElo "2571"]
[PlyCount "169"]
[EventDate "2004.??.??"]
[Source "www.chesslib.no"]
[SourceDate "2004.05.04"]

1. g3 Nf6 2. Bg2 d5 3. Nf3 c6 4. O-O Bg4 5. d3 e6 6. Nbd2 Be7 7. h3 Bh5 8. e4 a5 9. Qe2 Na6 10. Re1 Nd7 11. e5 Nb4 12. g4 Bg6 13. Nf1 c5 14. a3 Nc6 15. Ng3 h5 16. Bf4 hxg4 17. hxg4 Nd4 18. Nxd4 cxd4 19. Nf1 Rc8 20. Nh2 Bg5 21. Bg3 Bh4 22. Nf3 Bxg3 23. fxg3 Qb6 24. Rab1 Nb8 25. Qf2 Nc6 26. b4 axb4 27. axb4 Nxb4 28. Nxd4 O-O 29. Rb2 Qc5 30. Reb1 Nc6 31. Nf3 Qxf2+ 32. Kxf2 f6 33. exf6 gxf6 34. Ke3 Ne5 35. Nd4 Rfe8 36. Rxb7 Nc6 37. Ne2 Re7 38. Rxe7 Nxe7 39. Kd2 e5 40. Rb7 Kf8 41. Nc3 Rd8 42. Nb5 Be8 43. Nc7 Bd7 44. Rb6 Kg7 45. Rd6 d4 46. g5 fxg5 47. Ne6+ Bxe6 48. Rxd8 Kf7 49. Be4 Nf5 50. Bxf5 Bxf5 51. Rd6 Be6 52. Ke2 Bg4+ 53. Kf2 Kg7 54. Rb6 Kf7 55. Rc6 Kg7 56. Ke1 Kf7 57. Kd2 Be6 58. Rb6 Bg4 59. Kc1 Bf3 60. Kb2 g4 61. Kb3 Ke7 62. Kc4 Kf7 63. Kc5 Ke7 64. Rh6 Kd7 65. Kc4 Ke7 66. c3 dxc3 67. Kxc3 Kf7 68. Kd2 Ke7 69. Ke3 Kf7 70. Ra6 Ke7 71. d4 exd4+ 72. Kxd4 Kf7 73. Ke5 Kg7 74. Kf5 Be2 75. Rd6 Bf3 76. Kg5 Kf7 77. Rf6+ Kg7 78. Rf4 Bd1 79. Rd4 Bf3 80. Rd7+ Kg8 81. Kf6 Be2 82. Kg6 Kf8 83. Rf7+ Ke8 84. Rf4 Ke7 85. Re4+ 1-0

[Event "Wijk aan Zee"]
[Site "?"]
[Date "1988.??.??"]
[Round "?"]
[White "Georgiev, Kir"]
[Black "Huebner, R."]
[Result "1/2-1/2"]
[WhiteElo "2595"]
[BlackElo "2595"]
[PlyCount "121"]
[EventDate "1988.??.??"]
[Source "ChessBase"]
[SourceDate "1988.01.01"]

1. Nf3 d5 2. g3 Nf6 3. Bg2 c6 4. O-O Bg4 5. d3 Nbd7 6. Nbd2 e6 7. h3 Bh5 8. e3 Be7 9. g4 Bg6 10. Nh4 O-O 11. f4 Ne8 12. Nxg6 fxg6 13. Nf3 Nd6 14. Nd4 Kf7 15. e4 Nb5 16. Nxb5 Qb6+ 17. Kh1 Qxb5 18. c4 Qc5 19. cxd5 cxd5 20. exd5 exd5 21. Qb3 Nb6 22. a4 Qa5 23. Be3 Rad8 24. Qb5 Qb4 25. Qxb4 Bxb4 26. a5 Nc8 27. Ra4 Be7 28. Rd4 Bc5 29. Bxd5+ Rxd5 30. Rxd5 Bxe3 31. Rd7+ Kg8 32. Rxb7 Bxf4 33. h4 h6 34. g5 hxg5 35. hxg5 Rf5 36. Rb4 Bd6 37. Rxf5 gxf5 38. Rb7 Kh7 39. b4 Kg6 40. b5 Kxg5 41. Rxg7+ Kf6 42. Rg8 Ne7 43. b6 axb6 44. a6 Nc6 45. Rc8 Na7 46. Ra8 Nb5 47. a7 Nxa7 48. Rxa7 Ke5 49. Kg2 Bc5 50. Kf3 Kd4 51. Ke2 b5 52. Rd7+ Ke5 53. Rb7 b4 54. Rd7 Bd4 55. Re7+ Kd5 56. Rb7 Bc5 57. Rb8 Kd4 58. Kd2 Kd5 59. Rd8+ Ke5 60. Ke2 Bd4 61. Rb8 1/2-1/2

[Event "Ch Bosnia & Herzegovina (team)"]
[Site "Vogosca (Bosnia & Herzegovina"]
[Date "2007.06.05"]
[Round "4"]
[White "Movsesian Sergei (SVK)"]
[Black "Drasko Milan (SCG)"]
[Result "1/2-1/2"]
[WhiteElo "2642"]
[BlackElo "2543"]
[PlyCount "42"]
[EventDate "2007.??.??"]
[Source "www.chesslib.no"]
[SourceDate "2004.05.04"]

1. Nf3 Nf6 2. g3 d5 3. Bg2 c6 4. O-O Bg4 5. d3 e6 6. h3 Bh5 7. Nbd2 Be7 8. e4 O-O 9. Re1 a5 10. e5 Nfd7 11. Nf1 c5 12. g4 Bg6 13. Ng3 Nc6 14. g5 Qc7 15. Bf4 c4 16. d4 Nb4 17. Re2 c3 18. b3 a4 19. Ne1 axb3 20. axb3 Qb6 21. Rc1 f6 1/2-1/2

[Event "Ter Apel"]
[Site "?"]
[Date "1992.??.??"]
[Round "?"]
[White "Vaganian, R."]
[Black "Adams, M."]
[Result "1-0"]
[WhiteElo "2590"]
[BlackElo "2590"]
[PlyCount "63"]
[EventDate "1992.??.??"]
[Source "ChessBase"]
[SourceDate "1992.02.01"]

1. Nf3 Nf6 2. g3 d5 3. Bg2 c6 4. O-O Bg4 5. d3 Nbd7 6. Nbd2 e5 7. e4 dxe4 8. dxe4 Bc5 9. a4 O-O 10. h3 Bh5 11. a5 Qc7 12. Qe2 b5 13. Nb3 Be7 14. g4 Bg6 15. Nh4 Nc5 16. Nf5 Ne6 17. Be3 Rab8 18. c4 Rfe8 19. Rfc1 b4 20. c5 Bf8 21. Qc4 Red8 22. Rd1 h5 23. g5 Nd5 24. exd5 cxd5 25. Rxd5 Rxd5 26. Nh4 Rxc5 27. Nxc5 Bxc5 28. Nxg6 Qd6 29. Bxc5 Nxc5 30. Qd5 Qxd5 31. Bxd5 Rd8 32. Rd1 1-0

[Event "Aegon Tournament '94  ()"]
[Site "?"]
[Date "1994.??.??"]
[Round "?"]
[White "Vaganian, Rafael A"]
[Black "Mephisto Berlin"]
[Result "1/2-1/2"]
[WhiteElo "2625"]
[BlackElo "2520"]
[PlyCount "109"]
[EventDate "1994.??.??"]
[Source "www.chesslib.no"]
[SourceDate "2004.05.04"]

1. Nf3 d5 2. g3 Nf6 3. Bg2 c6 4. O-O Bg4 5. d3 Nbd7 6. Nbd2 e5 7. e4 dxe4 8. dxe4 Bc5 9. h3 Bh5 10. Qe1 O-O 11. Nc4 Qe7 12. Ne3 Bb6 13. b3 Bg6 14. Nh4 Rad8 15. Bb2 Bh5 16. a3 Qe6 17. Nc4 Bc5 18. Kh2 b5 19. Ne3 Bd4 20. Bxd4 exd4 21. Nef5 c5 22. f4 g6 23. Nh6+ Kg7 24. Qd2 Nxe4 25. Bxe4 Qxe4 26. Rae1 Qd5 27. f5 Rde8 28. f6+ Kh8 29. N6f5 Rxe1 30. Rxe1 Qc6 31. Ne7 Qxf6 32. Nd5 Qd6 33. Qg5 f6 34. Qh6 Qxd5 35. Re7 Qg8 36. Rxd7 Rf7 37. Rd6 Qc8 38. Ng2 Bd1 39. Nf4 Qb8 40. Rd5 Qe8 41. Ne6 Re7 42. Rd8 Rxe6 43. Rxe8+ Rxe8 44. Qf4 Bxc2 45. Qxf6+ Kg8 46. Qc6 Re2+ 47. Kg1 d3 48. Kf1 d2 49. Qc8+ Kf7 50. Qd7+ Kf6 51. Qd6+ Kg7 52. Qc7+ Kf6 53. Qd6+ Kg7 54. Qc7+ Kf6 55. Qd6+ 1/2-1/2

[Event "HUN-chT 0102"]
[Site "?"]
[Date "2001.11.18"]
[Round "3"]
[White "Almasi Zoltan"]
[Black "Acs Peter"]
[Result "1/2-1/2"]
[WhiteElo "2630"]
[BlackElo "2514"]
[PlyCount "89"]
[EventDate "2001.??.??"]
[Source "www.chesslib.no"]
[SourceDate "2004.05.04"]

1. Nf3 d5 2. g3 c6 3. Bg2 Nf6 4. O-O Bg4 5. d3 e6 6. Nbd2 Be7 7. h3 Bh5 8. Qe1 Nbd7 9. e4 O-O 10. Nb3 a5 11. a4 dxe4 12. dxe4 e5 13. Bd2 b6 14. Nh4 Re8 15. Nf5 Bf8 16. g4 Bg6 17. Rd1 Qc7 18. Be3 Red8 19. Qe2 Ne8 20. h4 f6 21. g5 Bf7 22. Qg4 Kh8 23. Bh3 Nc5 24. Nxc5 bxc5 25. h5 Be6 26. Qh4 fxg5 27. Bxg5 Rxd1 28. Rxd1 h6 29. Be7 Bxf5 30. Bxf8 Bxh3 31. Qxh3 Rd8 32. Rxd8 Qxd8 33. Qf5 Nf6 34. Bxc5 Qd1+ 35. Kg2 Qxc2 36. Qxe5 Qxa4 37. f3 Qc2+ 38. Kg3 Qc1 39. Bd4 a4 40. Qb8+ Kh7 41. Bxf6 gxf6 42. Qa7+ Kg8 43. Qxa4 Qg5+ 44. Kf2 Qxh5 45. Qxc6 1/2-1/2

[Event "Vinkovci"]
[Site "Vinkovci"]
[Date "1995.??.??"]
[Round "?"]
[White "Hulak, Krunoslav"]
[Black "Kurajica, Bojan"]
[Result "1/2-1/2"]
[WhiteElo "2545"]
[BlackElo "2585"]
[PlyCount "20"]
[EventDate "1995.04.??"]
[Source "ChessBase"]

1. g3 c6 2. Bg2 d5 3. Nf3 Nf6 4. O-O Bg4 5. d3 e6 6. Nbd2 a5 7. e4 dxe4 8. dxe4 Bc5 9. h3 Bxf3 10. Qxf3 Nbd7 1/2-1/2

[Event "Vinkovci"]
[Site "?"]
[Date "1995.??.??"]
[Round "10"]
[White "Hulak, Krunoslav"]
[Black "Kurajica, Bojan"]
[Result "1/2-1/2"]
[WhiteElo "2545"]
[BlackElo "2585"]
[PlyCount "21"]
[EventDate "1995.??.??"]
[Source "www.chesslib.no"]
[SourceDate "2004.05.04"]

1. g3 c6 2. Bg2 d5 3. Nf3 Nf6 4. O-O Bg4 5. d3 Nbd7 6. Nbd2 e5 7. e4 dxe4 8. dxe4 Bc5 9. h3 Bxf3 10. Qxf3 O-O 11. a4 1/2-1/2

[Event "CRO-ch team"]
[Site "?"]
[Date "1999.09.09"]
[Round "1"]
[White "Varga Zoltan"]
[Black "Sax Gyula"]
[Result "1/2-1/2"]
[WhiteElo "2541"]
[BlackElo "2588"]
[PlyCount "26"]
[EventDate "1999.??.??"]
[Source "www.chesslib.no"]
[SourceDate "2004.05.04"]

1. Nf3 Nf6 2. g3 d5 3. Bg2 c6 4. O-O Bg4 5. d4 e6 6. h3 Bh5 7. Nbd2 Nbd7 8. Re1 Be7 9. c3 O-O 10. Qb3 Qc7 11. e4 dxe4 12. Nxe4 Nxe4 13. Rxe4 Bd6 1/2-1/2

[Event "CZE-ch"]
[Site "Karlovy Vary"]
[Date "2004.02.21"]
[Round "5"]
[White "Navara, David"]
[Black "Haba, Petr"]
[Result "1-0"]
[WhiteElo "2604"]
[BlackElo "2524"]
[PlyCount "79"]
[EventDate "2004.02.17"]
[Source "ChessBase"]
[SourceDate "2004.06.01"]

1. Nf3 Nf6 2. g3 d5 3. Bg2 c6 4. O-O Bg4 5. d3 Nbd7 6. Nbd2 e5 7. e4 dxe4 8. dxe4 Bc5 9. h3 Bh5 10. Qe1 O-O 11. Nb3 Bb6 12. a4 Bxf3 13. Bxf3 a5 14. Nd2 Qc7 15. Nc4 Bc5 16. Bd2 b6 17. Qe2 Rfe8 18. Rfd1 Rad8 19. Bc3 Bb4 20. Bxb4 axb4 21. Qd2 b3 22. cxb3 b5 23. Qa5 Qb8 24. axb5 cxb5 25. Nd6 Rf8 26. Qxb5 Qxb5 27. Nxb5 Nc5 28. Rxd8 Rxd8 29. b4 Ncxe4 30. Na7 g6 31. b5 Rd2 32. Bxe4 Nxe4 33. b4 Rd7 34. b6 Rb7 35. Nc8 Rb8 36. Ne7+ Kg7 37. Ra6 Nd6 38. Nc6 Re8 39. Ra7 Rc8 40. Rc7 1-0

[Event "Haninge"]
[Site "Haninge"]
[Date "1990.??.??"]
[Round "1"]
[White "Karlsson, Lars"]
[Black "Sax, Gyula"]
[Result "0-1"]
[WhiteElo "2520"]
[BlackElo "2605"]
[PlyCount "72"]
[EventDate "1990.05.??"]
[Source "ChessBase"]

1. Nf3 Nf6 2. g3 d5 3. Bg2 c6 4. O-O Bg4 5. Ne5 Bh5 6. d4 e6 7. Nd3 Nbd7 8. c3 Bd6 9. Bf4 Be7 10. Nd2 O-O 11. Bg5 h6 12. Bxf6 Bxf6 13. Nf4 Bg4 14. f3 Bf5 15. e4 Bh7 16. Kh1 e5 17. Ne2 Qb6 18. f4 exd4 19. e5 dxc3 20. bxc3 Be7 21. Nb3 Rad8 22. a4 Nc5 23. Nbd4 Ne4 24. a5 Qc7 25. a6 c5 26. Nb5 Qb6 27. Qa4 Nd2 28. Rfd1 Nc4 29. Rxd5 Ne3 30. Rxd8 Rxd8 31. Be4 c4 32. Bxb7 Nd5 33. Nbd4 Be4+ 34. Kg1 Nxc3 35. Qxc4 Nxe2+ 36. Kf2 Rxd4 0-1

[Event "VIII Dos Hermanas Internet"]
[Site "ICC INT"]
[Date "2007.03.24"]
[Round "3.3"]
[White "Ibrahimov, R."]
[Black "Shipov, S."]
[Result "1/2-1/2"]
[WhiteElo "2530"]
[BlackElo "2591"]
[PlyCount "168"]
[EventDate "2007.03.23"]
[Source "www.chesslib.no"]
[SourceDate "2004.05.04"]

1. Nf3 Nf6 2. g3 d5 3. Bg2 c6 4. O-O Bg4 5. b3 Nbd7 6. Bb2 e6 7. d4 Be7 8. Nbd2 O-O 9. c4 a5 10. a3 h6 11. e3 Bf5 12. Bc3 Ne4 13. Nxe4 Bxe4 14. Qe2 Qb6 15. Nd2 Bxg2 16. Kxg2 Qa6 17. a4 c5 18. Rfe1 Bf6 19. cxd5 Qxe2 20. Rxe2 exd5 21. Nf3 Rfc8 22. Bb2 c4 23. bxc4 Rxc4 24. Bc1 Rac8 25. Bd2 b6 26. Ree1 Be7 27. Reb1 Bd8 28. Rb5 Nf6 29. Be1 Rc2 30. Ne5 Rc1 31. Rxc1 Rxc1 32. Bxa5 Rc2 33. Bxb6 Bxb6 34. Rxb6 Ne4 35. Nd3 Rd2 36. Rb3 Ra2 37. a5 Rxa5 38. Rb2 g5 39. h3 Kg7 40. Rc2 Rb5 41. g4 f6 42. Nc5 Nd6 43. Ra2 Rb6 44. Ra7+ Nf7 45. Rd7 Rd6 46. Rxd6 Nxd6 47. Ne6+ Kf7 48. Nc7 f5 49. Nxd5 Ke6 50. Nc3 Kf6 51. gxf5 Kxf5 52. Kf3 Nc4 53. e4+ Ke6 54. Ke2 Nd6 55. f3 Nf7 56. Ke3 Nd6 57. f4 Nc4+ 58. Kf3 Kf6 59. fxg5+ Kxg5 60. Nd5 h5 61. Nc3 Kh4 62. e5 Kxh3 63. Ne4 Nb6 64. Nf6 h4 65. e6 Nc8 66. d5 Kh2 67. Ne4 h3 68. Kf2 Kh1 69. d6 Nxd6 70. Nxd6 h2 71. Kg3 Kg1 72. e7 h1=Q 73. e8=Q Qg2+ 74. Kf4 Qh2+ 75. Kf3 Qg2+ 76. Kf4 Qh2+ 77. Kf3 Qg2+ 78. Ke3 Qg3+ 79. Ke2 Qxd6 80. Qe3+ Kh2 81. Qf2+ Kh3 82. Qf3+ Kh4 83. Qf2+ Kg4 84. Qf3+ Kg5 1/2-1/2

[Event "Struga FRM, Team Ch 2005"]
[Site "?"]
[Date "2005.09.02"]
[Round "5"]
[White "Arsovic Zoran"]
[Black "Georgiev Kiril"]
[Result "1/2-1/2"]
[WhiteElo "2441"]
[BlackElo "2666"]
[PlyCount "154"]
[EventDate "2005.??.??"]
[Source "www.chesslib.no"]
[SourceDate "2004.05.04"]

1. Nf3 d5 2. g3 Nf6 3. Bg2 c6 4. O-O Bg4 5. d3 Nbd7 6. c4 dxc4 7. dxc4 e5 8. Qc2 Be7 9. h3 Bh5 10. Nh4 O-O 11. Nc3 Nc5 12. b3 Re8 13. Bb2 Nfd7 14. Nf5 Bf8 15. g4 Bg6 16. e3 a5 17. Ne2 h5 18. gxh5 Bxh5 19. Neg3 Bg6 20. Rad1 Qg5 21. Kh2 Bxf5 22. Nxf5 e4 23. Ng3 Nf6 24. Bxf6 Qxf6 25. Bxe4 Bd6 26. Bg2 Rad8 27. Rd4 g6 28. Rfd1 Bxg3+ 29. fxg3 Ne6 30. Rxd8 Rxd8 31. Rd2 Re8 32. h4 Nc5 33. e4 Qe5 34. Qd1 a4 35. Rd8 Rxd8 36. Qxd8+ Kg7 37. Qa5 Qd4 38. bxa4 Qxc4 39. Qc7 Qd4 40. a5 Kg8 41. Qb6 Qd6 42. Qb2 Qe7 43. Qd4 Ne6 44. Qe5 Qd8 45. Qc3 g5 46. hxg5 Qxg5 47. Bf3 Qb5 48. Qd2 Qc5 49. Bg2 Qe5 50. Qd7 Qb5 51. Qd2 Kf8 52. Qd6+ Kg7 53. Qd2 Qh5+ 54. Kg1 Qc5+ 55. Kh2 Kf8 56. Qb2 Qh5+ 57. Kg1 Qxa5 58. Qxb7 Nd4 59. Qc8+ Ke7 60. Qb7+ Kf6 61. Qb2 c5 62. Kh2 Kg6 63. Qb1 c4 64. e5+ Kg7 65. Qe4 Qc5 66. Qf4 Ne6 67. Qf6+ Kg8 68. Bh3 Qd5 69. Bxe6 Qxe6 70. Qd8+ Kg7 71. Qd4 Kg8 72. a4 Qa6 73. a5 Qxa5 74. Qg4+ Kf8 75. Qc8+ Kg7 76. Qg4+ Kf8 77. Qc8+ Kg7 1/2-1/2

[Event "Budapest Tungsram"]
[Site "Budapest HUN"]
[Date "1973.??.??"]
[Round "15"]
[White "Bilek, Istvan"]
[Black "Geller, Efim P"]
[Result "1/2-1/2"]
[WhiteElo "2500"]
[BlackElo "2605"]
[PlyCount "32"]
[EventDate "1973.??.??"]
[Source "www.chesslib.no"]
[SourceDate "2004.05.04"]

1. Nf3 Nf6 2. g3 d5 3. Bg2 c6 4. O-O Bg4 5. d4 Nbd7 6. b3 Bxf3 7. Bxf3 e5 8. dxe5 Nxe5 9. Bg2 Bc5 10. Bb2 Qe7 11. Nd2 O-O 12. e3 Rad8 13. a3 a5 14. Bd4 Rfe8 15. c3 Ra8 16. Qc2 Ned7 1/2-1/2

[Event "otb"]
[Site "otb"]
[Date "2007.01.22"]
[Round "9"]
[White "Maletin Pavel"]
[Black "Lysyj Igor"]
[Result "1/2-1/2"]
[WhiteElo "2527"]
[BlackElo "2576"]
[PlyCount "35"]
[Source "www.chesslib.no"]
[SourceDate "2004.05.04"]

1. Nf3 Nf6 2. g3 d5 3. Bg2 Bg4 4. O-O c6 5. d3 Nbd7 6. c4 dxc4 7. dxc4 e5 8. Nc3 Be7 9. Qc2 O-O 10. Rd1 Qc7 11. Be3 Rfd8 12. Rac1 h6 13. h3 Be6 14. b3 Bc5 15. Bxc5 Nxc5 16. Rxd8+ Rxd8 17. Rd1 Rxd1+ 18. Qxd1 1/2-1/2

[Event "Szirak"]
[Site "?"]
[Date "1986.??.??"]
[Round "?"]
[White "Smejkal, J."]
[Black "Pinter, J."]
[Result "0-1"]
[WhiteElo "2540"]
[BlackElo "2555"]
[PlyCount "66"]
[EventDate "1986.??.??"]
[Source "ChessBase"]
[SourceDate "1986.07.01"]

1. Nf3 Nf6 2. g3 d5 3. Bg2 c6 4. O-O Bg4 5. d3 e6 6. Nbd2 Be7 7. e4 O-O 8. h3 Bh5 9. Qe1 Nbd7 10. Nh2 dxe4 11. dxe4 e5 12. Nc4 Re8 13. Nf3 Qc7 14. Nh4 b5 15. Na5 Nc5 16. Bd2 Nfd7 17. Nf5 Bf8 18. Qe3 Ne6 19. Rfc1 c5 20. a4 a6 21. Qe1 Nb6 22. axb5 axb5 23. Ne3 Nd4 24. Ng4 c4 25. b3 c3 26. Be3 Bb4 27. Qf1 Bxg4 28. hxg4 Rxa5 29. Rxa5 Bxa5 30. Bxd4 exd4 31. Qxb5 Nd7 32. f4 Rb8 33. Qe2 Nc5 0-1

[Event "Szirak"]
[Site "Szirak"]
[Date "1986.??.??"]
[Round "?"]
[White "Smejkal, Jan"]
[Black "Suba, Mihai"]
[Result "0-1"]
[WhiteElo "2550"]
[BlackElo "2545"]
[PlyCount "79"]
[EventDate "1986.09.??"]
[Source "www.chesslib.no"]
[SourceDate "2004.05.04"]

1. Nf3 Nf6 2. g3 d5 3. Bg2 c6 4. O-O Bg4 5. d3 e6 6. Nbd2 Be7 7. e4 O-O 8. h3 Bxf3 9. Qxf3 a5 10. Qe2 a4 11. a3 Re8 12. f4 Bf8 13. Nf3 Nfd7 14. Kh1 Qc7 15. Bd2 Na6 16. Rae1 Rab8 17. Bc1 dxe4 18. dxe4 Nac5 19. e5 Nb6 20. Nd4 Rbd8 21. Be3 Nd5 22. Bg1 Qb6 23. c3 Qa6 24. Qf3 Qd3 25. Qf2 Qa6 26. Rd1 Ne7 27. g4 Ng6 28. Bh2 Nd3 29. Qe2 Nc5 30. Qf2 Nd3 31. Qc2 Nc5 32. Bg3 Qc4 33. Qf2 Nb3 34. Nxb3 Qxb3 35. Rxd8 Rxd8 36. f5 exf5 37. gxf5 Ne7 38. Bh4 Rd1 39. Bg3 Rxf1+ 40. Bxf1 0-1

[Event "Mind Sports Games - Blitz Ind"]
[Site "Pechino CINA"]
[Date "2008.10.04"]
[Round "11"]
[White "Leon Hoyos, M."]
[Black "Markos, J."]
[Result "1-0"]
[WhiteElo "2535"]
[BlackElo "2557"]
[PlyCount "51"]
[EventDate "2008.10.04"]
[Source "www.chesslib.no"]
[SourceDate "2004.05.04"]

1. Nf3 Nf6 2. g3 d5 3. Bg2 c6 4. O-O Bg4 5. d3 Nbd7 6. Nbd2 e6 7. b3 Bc5 8. Bb2 Qe7 9. a3 a5 10. e4 O-O 11. Qe1 Bh5 12. Kh1 Rfd8 13. h3 b5 14. Nh4 Rac8 15. f4 dxe4 16. dxe4 Nb6 17. g4 Nxg4 18. hxg4 Rxd2 19. gxh5 Rxc2 20. Rb1 Rd8 21. Qg3 f6 22. h6 Rdd2 23. Bc3 Bf2 24. Rxf2 Rxf2 25. Rd1 Rfe2 26. Rd8+ 1-0

[Event "BL 0607 Solinger SG - SG Köln Porz"]
[Site "Germania"]
[Date "2007.04.01"]
[Round "15.8"]
[White "Ernst, Sipke"]
[Black "Van den Doel, Erik"]
[Result "1/2-1/2"]
[WhiteElo "2512"]
[BlackElo "2578"]
[PlyCount "82"]
[EventDate "2006.10.28"]
[Source "www.chesslib.no"]
[SourceDate "2004.05.04"]

1. Nf3 Nf6 2. g3 d5 3. Bg2 c6 4. O-O Bg4 5. d3 Nbd7 6. Nbd2 e5 7. e4 dxe4 8. dxe4 Bc5 9. h3 Bh5 10. Qe1 O-O 11. Nc4 Re8 12. b4 Bf8 13. a4 Qc8 14. Nh4 b5 15. Ne3 c5 16. c3 a5 17. axb5 cxb4 18. cxb4 axb4 19. Rxa8 Qxa8 20. g4 Bg6 21. g5 Nh5 22. Nd5 Qb8 23. Nxb4 Qxb5 24. Nd5 Qb8 25. Nxg6 hxg6 26. Be3 Nc5 27. Bf3 Nf4 28. Nxf4 exf4 29. Bxc5 Bxc5 30. Kg2 Qe5 31. h4 Rb8 32. Qd2 Rb2 33. Qd5 Qd4 34. Qxd4 Bxd4 35. Bg4 Kf8 36. Kf3 Ke7 37. Kxf4 Bxf2 38. h5 gxh5 39. Bxh5 g6 40. Bf3 Ba7 41. Rd1 Bb8+ 1/2-1/2

[Event "Elista (ol) 73/2"]
[Site "?"]
[Date "1998.??.??"]
[Round "?"]
[White "Istratescu, Andrei"]
[Black "Torre, Eugenio"]
[Result "1-0"]
[WhiteElo "2540"]
[BlackElo "2545"]
[PlyCount "81"]
[EventDate "1998.??.??"]
[Source "ChessBase"]
[SourceDate "1998.06.01"]

1. Nf3 Nf6 2. g3 d5 3. Bg2 c6 4. O-O Bg4 5. d3 Nbd7 6. Nbd2 e5 7. h3 Bh5 8. e4 dxe4 9. dxe4 Be7 10. a4 a5 11. Qe2 O-O 12. b3 Re8 13. Bb2 Qc7 14. Rfd1 Bb4 15. Nc4 Bxf3 16. Bxf3 Nf8 17. h4 N6d7 18. Bg4 f6 19. Ne3 Ne6 20. Qc4 Ndf8 21. Kg2 Kh8 22. h5 h6 23. Nf5 Rad8 24. Rxd8 Qxd8 25. Rd1 Qc7 26. c3 Bc5 27. Nh4 b6 28. Bc1 Qf7 29. Ng6+ Kg8 30. Bf5 Nd8 31. Qxf7+ Nxf7 32. Be3 Rd8 33. Bxc5 bxc5 34. Ne7+ Kh8 35. Rxd8 Nxd8 36. Kf3 c4 37. b4 axb4 38. cxb4 c5 39. bxc5 Nfe6 40. Bxe6 Nxe6 41. c6 1-0

[Event "Ch Slovakia"]
[Site "Banska Stiavnica (Slovakia)"]
[Date "2007.07.12"]
[Round "6"]
[White "Movsesian Sergei (SVK)"]
[Black "Plachetka Jan (SVK)"]
[Result "1-0"]
[WhiteElo "2667"]
[BlackElo "2412"]
[PlyCount "58"]
[EventDate "2007.??.??"]
[Source "www.chesslib.no"]
[SourceDate "2004.05.04"]

1. g3 d5 2. Bg2 Nf6 3. Nf3 c6 4. O-O Bg4 5. d3 Nbd7 6. h3 Bxf3 7. Bxf3 e5 8. e4 dxe4 9. dxe4 Bc5 10. Nd2 O-O 11. Qe2 a5 12. a4 Qe7 13. Bg2 Rfe8 14. Kh2 h5 15. h4 Ng4+ 16. Kh1 Nf8 17. Bh3 Nf6 18. Nc4 g6 19. Bd2 Qc7 20. Qf3 N6h7 21. Qg2 Nf6 22. f4 exf4 23. e5 Nd5 24. gxf4 Qd8 25. f5 Qxh4 26. b3 Qd4 27. fxg6 fxg6 28. Rxf8+ Bxf8 29. Qxg6+ Bg7 1-0